| 000 | 00411nam a2200157 i 4500 | ||
|---|---|---|---|
| 001 | bg | ||
| 245 | 0 | _aFizyka dielektryków i radiospektroskopia VIII/1. | |
| 260 |
_aWarszawa : _bPaństw. Wydawn. Nauk., _c1976. |
||
| 300 |
_as. 119 : _brys., tab. |
||
| 504 | _a[Zawiera bibliogr.]. | ||
| 040 | _cBPK | ||
| 041 | _apol | ||
| 080 | _a537.2:621.386 | ||
| 942 | _cKS | ||
| 008 | s pl f |000 0 pol | ||
| 999 |
_c16962 _d16962 |
||
| 856 |
_uhttp://koha.tu.koszalin.pl/cgi-bin/koha/opac-detail.pl?biblionumber=16962 _yKatalog online BPK |
||